000 00556nam a22001817a 4500
005 20251108174949.0
008 250721s2010 xx 000 0 ara d
082 1 4 _a881/عبد
100 1 _aعبد الحي، صلاح السيد
245 1 0 _aأشهر الملاحم : رحلة الأرجوناوتيكا /
264 1 _aالجيزة :
_bمكتبة النافذة،
_c2010.
300 _a196ص.
650 1 7 _aالأدب اليوناني
650 1 7 _aالملاحم
650 1 7 _aالشعر الملحمي
942 _2ddc
_cBK
999 _c122654
_d122654